| 000 | 00563nam a2200157 i 4500 | ||
|---|---|---|---|
| 001 | 45297 | ||
| 003 | ES-MaACL | ||
| 005 | 20230906161208.0 | ||
| 007 | t| | ||
| 008 | 030325m18601861fr ||||1| fre d | ||
| 245 | 0 | 0 |
_aCodes spéciaux de la legislation française avec des annotations sur les lois les plus usuelles / _cla définition et l'explication des termes de droit par M. Napoleon Bacqua. |
| 260 |
_aParis : _bPaul Dupont, _c1860-61. |
||
| 300 |
_aVIII, 1297 p. ; _c24 cm. |
||
| 700 | 1 |
_aBacqua de Labarthe, Napoleón. _924515 |
|
| 852 |
_aES-MaACL _jG-14795 |
||
| 999 |
_c45297 _d45297 |
||